00430nam a2200157Ia 450000500170000000800460001703700130006304000200007604100130009608400210010924500400013026000480017030000080021836500120022665000340023820250508163949.0008 250505s9999 xx 000 0 hin d aTextBook aFEDLbengcFEDL ahin2eng a371.3, ABHqFEDL 0aAbhinav patth yojana: Jeev - vigyan aNew Delhi, IndiabAsha Prakashan Grahc1989 a76p aINRb15 aEducation; Teaching Technique